000 00762cam a2200253 4500
001 ABS67231
008 031128n2003 000 0 eng u
035 _a(Sirsi) u124508
245 _aRegional survey: North-east
260 _c2003
490 _aProperty Week
_v68(41) 17 October 2003, 69-86(12)
590 _aABS
650 _aNORTHEAST ENGLAND
650 _aTEESSIDE
650 _aTEES VALLEY
650 _aREGENERATION
650 _aNEWCASTLE
650 _aPROPERTY-COMMERCIAL PROPERTY-RETAIL PROPERTY-RETAIL PROPERTY MARKET
650 _aPROPERTY-COMMERCIAL PROPERTY-OFFICE PROPERTY-OFFICE PROPERTY MARKET
650 _aAIRPORTS
650 _aOCCUPIERS
690 _aPROPERTY-COMMERCIAL PROPERTY-COMMERCIAL PROPERTY MARKET
942 _n0
999 _c73886
_d73886